[Event "Pan American-ch School U15 12th"]
[Site "Callao"]
[Date "2023.10.17"]
[Round "4"]
[White "Cazorla Herrera, Rudy Daniel"]
[Black "Vasquez Uribe, Alessandro Jose"]
[Result "1-0"]
[WhiteElo "1400"]
[BlackElo "1170"]
[PlyCount "42"]
[EventDate "2023.10.16"]
[EventType "swiss"]
[EventRounds "9"]
[EventCountry "PER"]
[SourceTitle "Mega2024 Update 01"]
[Source "Chessbase"]
[SourceDate "2023.11.12"]
[SourceVersion "1"]
[SourceVersionDate "2023.11.12"]
[SourceQuality "1"]

1. e4 c5 2. Nf3 d6 3. d4 cxd4 4. Nxd4 Nf6 5. Nc3 g6 6. Be3 Nc6 7. Qd2 Ng4 8. Nb3 Nxe3 9. Qxe3 Bg7 10. Be2 0-0 11. 0-0-0 Bd7 12. Kb1 a6 13. h4 h5 14. g4 Bxg4 15. Bxg4 hxg4 16. h5 Ne5 17. h6 Nc4 18. hxg7 Nxe3 19. gxf8Q+ Qxf8 20. fxe3 Qe8 21. Nd5 Rc8 1-0

[Event "La Paz Casa Argentina op"]
[Site "La Paz"]
[Date "2023.07.08"]
[Round "5"]
[White "Bracamonte, Humberto"]
[Black "Cazorla Herrera, Rudy Daniel"]
[Result "1-0"]
[WhiteElo "1683"]
[BlackElo "1407"]
[PlyCount "169"]
[EventDate "2023.07.06"]
[EventType "swiss"]
[EventRounds "7"]
[EventCountry "BOL"]
[SourceTitle "CBM 215 Extra"]
[Source "ChessBase"]
[SourceDate "2023.09.30"]
[SourceVersion "1"]
[SourceVersionDate "2023.09.30"]
[SourceQuality "1"]

1. e4 e5 2. Nf3 Nc6 3. Bc4 Bc5 4. c3 Nf6 5. d3 d6 6. h3 Na5 7. Bb5+ c6 8. Ba4 b5 9. Bc2 Bb6 10. Nbd2 Bc7 11. 0-0 Be6 12. Re1 Bb6 13. Nf1 Qc7 14. Be3 c5 15. Ng3 Nc6 16. Ng5 h6 17. Nf3 g5 18. Nf5 Bxf5 19. exf5 d5 20. Nxe5 Nxe5 21. d4 0-0-0 22. dxe5 Ne4 23. f3 Ng3 24. Bf2 Nh5 25. a4 Rhe8 26. Qe2 bxa4 27. Bxa4 Re7 28. g3 Kb8 29. f4 Nf6 30. b4 c4 31. Bc2 gxf4 32. gxf4 Rg8+ 33. Kh2 Nh5 34. Qf3 f6 35. Rg1 Reg7 36. Rxg7 Rxg7 37. Bh4 Nxf4 38. Qxf4 fxe5 39. Qxh6 e4+ 40. Kh1 Rg3 41. Bxg3 Qxg3 42. Bxe4 dxe4 43. Qf8+ Kb7 44. Qe7+ Kb8 45. Qe8+ Kc7 46. Qf7+ Kb8 47. Qe8+ Kc7 48. Qe7+ Kb8 49. Qe8+ Kc7 50. Qf7+ Kb8 51. Qh5 Kb7 52. Qg4 Qxc3 53. Rf1 e3 54. Qe2 Qd3 55. Qg2+ Kb8 56. f6 e2 57. Re1 Qf5 58. Qxe2 Qxf6 59. Qe8+ Kb7 60. Qe4+ Kb8 61. Qe5+ Qxe5 62. Rxe5 c3 63. Re4 Bd8 64. Rc4 Bf6 65. Kg2 Kb7 66. Kf3 Kb6 67. Ke4 Kb5 68. Kd3 c2 69. Rxc2 Kxb4 70. Rf2 Be5 71. Kc2 a5 72. Kb1 a4 73. Ka2 Kc4 74. Ka3 Kd5 75. Kxa4 Ke4 76. h4 Bg3 77. Rg2 Bf4 78. h5 Kf5 79. Kb5 Be3 80. Kc6 Kf6 81. Kd5 Kf7 82. Ke5 Bh6 83. Kf5 Bg7 84. Rc2 Bf8 85. Rc7+ 1-0